000 00904nam a2200253Ia 4500
003 OSt
005 20221005103118.0
006 a|||||r|||| 00| 0
007 ta
008 221004b |||||||| |||| 00| 0 san d
024 _a31790
037 _cTextual
040 _aCRL
_cCRL
_bsan
041 _2san
_asan
082 _aQ41:23k, 152J6.1-.2
100 _aदेव, नरेन्द्र, अनु.
245 0 _aअभिधर्म कोश आचार्य वसुबन्धु कृत
246 _aAbhidharma kosh āchārya vasubandhu kṛuta
260 _aइलाहाबाद
_bहिन्दुस्तानी एकेडेमी भारत
_c1958
490 _vभाग-1
650 _aधर्म
942 _hQ41:23k, 152J6.1-.2
_cTEXL
_2cc
999 _c1009477
_d1009477